01208nam a2200289 i 4500001001000000003000900010005001700019007000300036008004100039040003000080041000800110082002000118100005900138245017300197264007400370300002800444336002800472337004100500338003000541500006300571500004200634590002700676700004300703942001400746952014100760999001700901000016122DO-SdBNP20251014115429.0ta100226s1987 dr 000 0 spa d aDO-SdBNPbspacBNPHUerda aspa 4axxxbC389re2221 aCedeño Jiménez, Víctor Livioeautor4aut.93611713aLa responsabilidad civil extracontractual en derecho francés y derecho dominicano /cVíctor Livio Cedeño Jiménez ; prefacio del profesor francés Boris Starck. aSanto Domingo, República Dominicana : bEditora de Colores,c1987. a399 páginas ;c21 cm. atextobtxt2rdacontent  asin mediación bn2sin mediación avolumen bnc2rdacarrier  aIncluye datos biográficos del autor en la contracubierta aIncluye notas al pie de las páginas aInventariado, 2025 /LP1 aStarck, Boris, eprefacio 4pr.910288 2ddccLBS1 00102ddc51708PDaBNPHUbBNPHUcCTd2010-02-26eDonado por FUNDIl0oxxx C389rep16122-10r2020-06-25w2020-06-25yLBS1ZNo se presta c15662d15662